4-Letter Word Chain: Sports - Statistics

General Stats
  • This quiz has been taken 116 times
  • The average score is 23 of 32
Answer Stats
Hint Answer % Correct
Most important piece in Chess King
98%
The "ball" in Hockey Puck
97%
Most common action in Soccer Kick
95%
Where you aim for to score points Goal
93%
Another word for a coin flip is a coin ______ Toss
92%
Competition regarding speed Race
90%
The Patriots, Dolphins, and Jets are all from the ______ (direction) East
89%
When neither team wins Draw
88%
"Zero" in tennis Love
87%
A transfer of the ball from one player to another Pass
86%
A player who defends the goal is called the goal______er Keep
84%
The sport where spherical weights are thrown from the shoulder is called ______ Put Shot
84%
A Grand ______ is when you win every event in a season for one sport Slam
84%
A group of players on one side in a sport Team
84%
Practice session in Boxing Spar
82%
A sport in which players hit small balls with various clubs Golf
81%
A type of jump in which competitors aim for the largest distance traveled Long
81%
An invalid play, especially involving interference with an opponent Foul
73%
A mix of surfing and sailing which utilizes this energy source Wind
68%
The category of animal of the Cincinnati Bengals makes this sound Meow
66%
To pull your knees into your chest while Diving Tuck
64%
The position that focuses on one side of the field in Soccer Wing
62%
Dropping a ball and kicking it Punt
59%
A sports physical is essentially a sports ______ Exam
56%
An object used to indicate a the position of a ball in Golf Mark
55%
The number of minutes it takes to cover a mile or kilometer when running Pace
55%
How you hold the racquet to hit shots during a Tennis match Grip
54%
A ______shot is a home run that is hit extremely high in Baseball Moon
51%
A stroke that generates a lot of topspin in Table Tennis Loop
43%
2 object balls hitting each other in Billiards Kiss
38%
A spike in Volleyball that couldn't be returned by the defending team Kill
35%
To fit an arrow into the bowstring to prepare for shooting in Archery Nock
24%
No matching quizzes found
Score Distribution
Percent of People with Each Score
Percentile by Number Answered
Your Score History
You have not taken this quiz